000 01028nam a2200289Ia 4500
003 OSt
005 20221007122412.0
006 a|||||r|||| 00| 0
007 ta
008 221006b |||||||| |||| 00| 0 eng d
020 _a3540233024 (hbd)
024 _a83076
037 _b1690, 23/01/2009, New India Book Agency
_cTextbook
040 _aPAPL
_cPAPL
_beng
041 _2eng
_aeng
082 _aC9B3:11, P5 Carpa
100 _aHooshyar M Ali
_9714225
245 0 _aNuclear fission and cluster radioactivity:an energy-density functional approach
_b Reichstein Irwin Malik F Bary
260 _aBerlin
_bSpringer
_c2005
300 _axi, 195p.
_ccm.
500 _aIncludes bibliographical references.; Index 189-195p.
650 _aPhysics
700 _a Malik F Bary
_9714226
700 _a Reichstein Irwin
_9714227
942 _hC9B3:11, P5 Carpa
_cTB
_2CC
999 _c1210284
_d1210284